| 000 | 01500nam a2200361 i 4500 | ||
|---|---|---|---|
| 003 | OSt | ||
| 005 | 20260514121123.0 | ||
| 008 | 260513t20242024-ukao gr 001 0beng d | ||
| 020 |
_a9781446313374 _cRM110.00 _qpaperback |
||
| 040 |
_aPPAK _beng _cPPAK _erda |
||
| 082 | 0 | 4 |
_223 _a133.2548 |
| 090 | 0 | 0 |
_a133.2548 _bGRE _dG |
| 100 | 1 |
_aGreen, Jillian Aurelia, _eauthor. |
|
| 245 | 1 | 4 |
_aThe CRYSTAL COLLECTOR : _bHOW TO BUILD A LIFELONG COLLECTION OF CRYSTALS AND STONES / _cJillian Aurelia Green ; Editor: Charlene Fernandes ; Photography: Dave Burton and Jess Esposito ; Author photo: Hannah Cohen |
| 264 | 1 |
_a[London] : _bDAVID & CHARLES, _c2024 |
|
| 264 | 4 | _c©2024 | |
| 300 |
_a144 pages : _bcolour illustrations, colour photographs ; _c23 cm |
||
| 336 |
_atext _2rdacontent |
||
| 337 |
_aunmediated _2rdamedia |
||
| 338 |
_avolume _2rdacarrier |
||
| 500 | _aIncludes index. | ||
| 520 | _aA beginner's guide to curating a crystal collection that is ethically sourced, practical, and supports a journey into the healing power of crystals. | ||
| 650 | 1 | 0 |
_aCrystals _xPsychic aspects |
| 650 | 2 | 0 | _aPrecious stones |
| 650 | 2 | 0 |
_aCrystals _xTherapeutic use |
| 650 | 2 | 0 |
_aPrecious stones _xTherapeutic use |
| 650 | 2 | 0 |
_aMinerals _xTherapeutic use |
| 700 | 1 |
_aFernandes, Charlene, _eeditor. |
|
| 700 | 1 |
_aBurton, Dave, _ephotographer. |
|
| 700 | 1 |
_aEsposito, Jess, _ephotographer. |
|
| 700 | 1 |
_aCohen, Hannah, _ephotographer. |
|
| 942 |
_2ddc _cB |
||
| 999 |
_c204242 _d204242 |
||